[Event "Balaguer op"]
[Site "?"]
[Date "2012.06.18"]
[Round "3"]
[White "Ayza Casamitjana, A."]
[Black "Solsona Manonelles, J."]
[Result "1-0"]
[WhiteElo "1868"]
[BlackElo "1701"]
[PlyCount "85"]
[EventDate "2012.??.??"]
[EventType "swiss"]
[EventRounds "9"]

1. e4 e6 2. Nf3 d5 3. e5 c5 4. b4 cxb4 5. d4 Nc6 6. a3 Bd7 7. axb4 Bxb4+ 8. c3
Be7 9. Bd3 f5 10. O-O a6 11. Na3 b5 12. Nc2 h6 13. Nd2 Na5 14. Qh5+ Kf8 15. f4
Nc4 16. g4 Qe8 17. Qxe8+ Kxe8 18. gxf5 exf5 19. Nxc4 bxc4 20. Be2 g6 21. Bf3
Be6 22. Ne3 Rd8 23. Rxa6 Kf7 24. Ra5 g5 25. Nxd5 gxf4 26. Nxf4 Bg5 27. d5 Bc8
28. Bh5+ Kg7 29. Be2 Ne7 30. Bxc4 Ng6 31. Nh5+ Kf8 32. Ba3+ Kg8 33. d6+ Kh7 34.
e6 Be3+ 35. Kh1 Bb7+ 36. Bd5 Bxd5+ 37. Rxd5 Nh4 38. d7 Kg6 39. Ng3 f4 40. Ne4
Rhg8 41. Be7 Nf5 42. Bxd8 Rxd8 43. Rxf5 1-0

[Event "Balaguer op"]
[Site "?"]
[Date "2012.06.18"]
[Round "3"]
[White "Barbero Sendic, A."]
[Black "Mellado Triviño, J."]
[Result "0-1"]
[WhiteElo "2370"]
[BlackElo "2444"]
[PlyCount "78"]
[EventDate "2012.??.??"]
[EventType "swiss"]
[EventRounds "9"]

1. e4 c5 2. Nf3 Nc6 3. d4 cxd4 4. Nxd4 e5 5. Nb5 a6 6. Nd6+ Bxd6 7. Qxd6 Qe7 8.
Qd1 Nf6 9. Nc3 d6 10. Bc4 Be6 11. Nd5 Bxd5 12. exd5 Nb8 13. O-O Nbd7 14. Be3
O-O 15. a4 h6 16. a5 Ne4 17. Bd3 Ndc5 18. b4 Nxd3 19. Qxd3 f5 20. c4 Nf6 21. f3
Rae8 22. Qb3 f4 23. Bb6 e4 24. fxe4 Qxe4 25. Rad1 Ng4 26. Qf3 Qg6 27. Qd3 Qh5
28. Qh3 Qg6 29. Qd3 Qg5 30. Bd4 Ne3 31. Bxe3 Rxe3 32. Qc2 Rfe8 33. Rf2 f3 34.
Qd2 Qg4 35. Rdf1 Qxc4 36. Rxf3 Rxf3 37. Rxf3 Re2 38. Qd1 Qe4 39. Kf1 Rb2 0-1

[Event "Balaguer op"]
[Site "?"]
[Date "2012.06.18"]
[Round "3"]
[White "Barbosa Martinez, M."]
[Black "Quintas Galeano, L."]
[Result "0-1"]
[WhiteElo "1724"]
[BlackElo "2148"]
[PlyCount "74"]
[EventDate "2012.??.??"]
[EventType "swiss"]
[EventRounds "9"]

1. d4 Nf6 2. c4 g6 3. Nc3 Bg7 4. e4 d6 5. Nf3 O-O 6. Be2 e5 7. dxe5 dxe5 8. Bg5
Qe8 9. Bxf6 Bxf6 10. Nd5 Bd8 11. O-O c6 12. Nb4 f5 13. exf5 gxf5 14. Re1 e4 15.
Nd2 Qe5 16. Qb3 Kh8 17. f3 Qd4+ 18. Kh1 Qxd2 19. Rad1 Qh6 20. fxe4 Bc7 21. g3
fxe4 22. Rf1 Nd7 23. Bg4 Nf6 24. Bxc8 Raxc8 25. Qc3 Ba5 26. Rd6 Bxb4 27. Qxb4
Rf7 28. Qc3 Rcf8 29. Qe5 Qg7 30. Qe6 Ng4 31. Rxf7 Qxf7 32. Qxf7 Rxf7 33. Re6 e3
34. h3 Nf2+ 35. Kg2 Nd1 36. b3 Rf2+ 37. Kg1 e2 0-1

[Event "Balaguer op"]
[Site "?"]
[Date "2012.06.18"]
[Round "3"]
[White "Boyard, M."]
[Black "Paul Cava, J."]
[Result "1-0"]
[WhiteElo "2008"]
[BlackElo "1722"]
[PlyCount "59"]
[EventDate "2012.??.??"]
[EventType "swiss"]
[EventRounds "9"]

1. d4 d5 2. Nc3 Bf5 3. f3 Nf6 4. Bg5 e6 5. e4 Bg6 6. e5 c5 7. Bb5+ Nc6 8. exf6
gxf6 9. Bh4 a6 10. Bxc6+ bxc6 11. Nge2 cxd4 12. Qxd4 Be7 13. Qa4 Qb6 14. Bf2
Qb7 15. O-O h5 16. Nf4 Bf5 17. Nd3 Bxd3 18. cxd3 Kf8 19. Qa5 Rg8 20. Rab1 e5
21. Bc5 Qd7 22. Bxe7+ Kxe7 23. Qc5+ Kd8 24. d4 h4 25. Rbd1 Rb8 26. b3 Rg5 27.
dxe5 Rxe5 28. Rfe1 Qe6 29. Rxe5 fxe5 30. Nxd5 1-0

[Event "Balaguer op"]
[Site "?"]
[Date "2012.06.18"]
[Round "3"]
[White "Burmakin, V."]
[Black "Parramon Guillaumet, J."]
[Result "1-0"]
[WhiteElo "2590"]
[BlackElo "1873"]
[PlyCount "78"]
[EventDate "2012.??.??"]
[EventType "swiss"]
[EventRounds "9"]

1. Nf3 Nf6 2. g3 g6 3. b3 b6 4. Bb2 Bg7 5. Bg2 Bb7 6. c4 c5 7. O-O O-O 8. e3 d6
9. d4 Nbd7 10. Nc3 a6 11. Re1 Ne4 12. Ne2 Qc7 13. Qc2 e5 14. dxe5 dxe5 15. Red1
Rad8 16. Ne1 f5 17. f3 Ng5 18. Nc3 Nf6 19. Rxd8 Rxd8 20. e4 fxe4 21. fxe4 Ne6
22. Nd5 Nxd5 23. exd5 Nd4 24. Qe4 Bc8 25. g4 Rf8 26. Nd3 Qd6 27. h3 Bd7 28. Rf1
Rxf1+ 29. Bxf1 Qf6 30. Bg2 h6 31. Bc3 Kf7 32. Be1 Nc2 33. Bg3 Qg5 34. Nxe5+
Bxe5 35. Bxe5 Qe3+ 36. Qxe3 Nxe3 37. Be4 h5 38. Kf2 Nxg4+ 39. hxg4 Bxg4 1-0

[Event "Balaguer op"]
[Site "?"]
[Date "2012.06.18"]
[Round "3"]
[White "Campos Moreno, J."]
[Black "Martinez Lopez, I."]
[Result "1/2-1/2"]
[WhiteElo "2488"]
[BlackElo "2302"]
[PlyCount "42"]
[EventDate "2012.??.??"]
[EventType "swiss"]
[EventRounds "9"]

1. d4 d5 2. c4 e6 3. Nf3 Nf6 4. Nc3 Be7 5. Bg5 O-O 6. e3 h6 7. Bh4 Ne4 8. Bxe7
Qxe7 9. Rc1 Nxc3 10. Rxc3 c6 11. Be2 dxc4 12. Bxc4 Nd7 13. O-O e5 14. Bb3 e4
15. Nd2 Nf6 16. Qc2 Bf5 17. Rc5 Bh7 18. Rc1 Nd7 19. Rc3 Nb6 20. Rc5 Nd7 21. Rc3
Kh8 1/2-1/2

[Event "Balaguer op"]
[Site "?"]
[Date "2012.06.18"]
[Round "3"]
[White "Del Rey Santos, D."]
[Black "Oms Pallisse, J."]
[Result "1/2-1/2"]
[WhiteElo "2391"]
[BlackElo "2461"]
[PlyCount "76"]
[EventDate "2012.??.??"]
[EventType "swiss"]
[EventRounds "9"]

1. d4 Nf6 2. c4 e6 3. Nf3 b6 4. a3 Bb7 5. Nc3 d5 6. cxd5 Nxd5 7. Bd2 Nd7 8. Qc2
c5 9. Nxd5 Bxd5 10. e4 Bb7 11. d5 exd5 12. exd5 Bd6 13. O-O-O O-O 14. Bc3 Nf6
15. Bc4 a6 16. Qf5 Qd7 17. Qxd7 Nxd7 18. a4 Rfe8 19. Rhe1 h6 20. Kc2 Rad8 21.
b3 Kf8 22. g3 Rxe1 23. Rxe1 g6 24. Nd2 Bc7 25. Re3 b5 26. axb5 axb5 27. Bxb5
Nb6 28. Bc6 Bc8 29. Be5 Bxe5 30. Rxe5 f6 31. Re3 Nxd5 32. Bxd5 Rxd5 33. Kc3 Kf7
34. h4 Be6 35. f4 h5 36. Rd3 Rxd3+ 37. Kxd3 Bd5 38. Ne4 Bxb3 1/2-1/2

[Event "Balaguer op"]
[Site "?"]
[Date "2012.06.18"]
[Round "3"]
[White "Fabrega Ramon, S."]
[Black "Sole Gonzalez, E."]
[Result "1-0"]
[WhiteElo "1763"]
[BlackElo "1539"]
[PlyCount "77"]
[EventDate "2012.??.??"]
[EventType "swiss"]
[EventRounds "9"]

1. e4 e5 2. Nf3 Nc6 3. Bb5 Bc5 4. O-O Nge7 5. d3 O-O 6. Be3 Bb6 7. c3 d6 8. h3
f5 9. Nbd2 f4 10. Bxb6 axb6 11. Bc4+ Kh8 12. Ng5 Qe8 13. Ne6 Bxe6 14. Bxe6 Qg6
15. Qg4 Rf6 16. Qxg6 Rxg6 17. Bb3 Rf8 18. Nf3 Na5 19. Bc2 c5 20. b4 cxb4 21.
cxb4 Nac6 22. a3 Rc8 23. Bb3 h6 24. Rfc1 Rf6 25. b5 Na7 26. Rxc8+ Nexc8 27. a4
Rf8 28. Rc1 Re8 29. Nh4 Kh7 30. Nf5 g6 31. Rc7+ Kh8 32. Nxh6 Re7 33. Rxe7 Nxe7
34. Nf7+ Kg7 35. Nxd6 Kf8 36. Nf7 Nac8 37. Nxe5 Nd6 38. Nd7+ Ke8 39. Nxb6 1-0

[Event "Balaguer op"]
[Site "?"]
[Date "2012.06.18"]
[Round "3"]
[White "Fernandez Cardoso, A."]
[Black "Sanikidze, T."]
[Result "1/2-1/2"]
[WhiteElo "2427"]
[BlackElo "2596"]
[PlyCount "80"]
[EventDate "2012.??.??"]
[EventType "swiss"]
[EventRounds "9"]

1. e4 e5 2. Nf3 Nc6 3. Bb5 a6 4. Ba4 Nf6 5. O-O Be7 6. Re1 b5 7. Bb3 d6 8. c3
O-O 9. h3 Nd7 10. d4 Bf6 11. Be3 exd4 12. cxd4 Na5 13. Bc2 Nc4 14. Bc1 c5 15.
Nc3 Bb7 16. b3 cxd4 17. Nxd4 Qa5 18. Nce2 Na3 19. Bxa3 Qxa3 20. Nf5 Bxa1 21.
Qxa1 Ne5 22. Bb1 f6 23. Qc3 Kh8 24. f4 Nf7 25. Kh2 Rac8 26. Qg3 g6 27. Nh4 Rg8
28. Nf3 Rge8 29. Qg4 Rc7 30. Ng3 Qb2 31. Nh4 Rg8 32. e5 f5 33. Bxf5 Nh6 34. Qg5
Nxf5 35. Ngxf5 gxf5 36. Qf6+ Rcg7 37. Ng6+ hxg6 38. Qh4+ Rh7 39. Qf6+ Rhg7 40.
Qh4+ Rh7 1/2-1/2

[Event "Balaguer op"]
[Site "?"]
[Date "2012.06.18"]
[Round "3"]
[White "Foix Martinez, J."]
[Black "Fernandez Alvarez, J."]
[Result "1/2-1/2"]
[WhiteElo "1671"]
[BlackElo "1371"]
[PlyCount "21"]
[EventDate "2012.??.??"]
[EventType "swiss"]
[EventRounds "9"]

1. e4 c5 2. d4 cxd4 3. Qxd4 Nc6 4. Qd1 e5 5. Bc4 Nf6 6. Nc3 Bb4 7. Nge2 Nxe4 8.
Qd5 Bxc3+ 9. Nxc3 Qe7 10. Qxe4 O-O 11. Be3 1/2-1/2

[Event "Balaguer op"]
[Site "?"]
[Date "2012.06.18"]
[Round "3"]
[White "Fumas Fontova, E."]
[Black "Aranzana Areste, A."]
[Result "1-0"]
[WhiteElo "1707"]
[BlackElo "2023"]
[PlyCount "59"]
[EventDate "2012.??.??"]
[EventType "swiss"]
[EventRounds "9"]

1. e4 e6 2. d4 d5 3. exd5 exd5 4. Bd3 Bd6 5. Nc3 c6 6. Nge2 Ne7 7. Bf4 O-O 8.
Qd2 Bf5 9. Bxd6 Qxd6 10. O-O-O Bxd3 11. Qxd3 Nd7 12. Rhe1 Nb6 13. Ng3 Nc4 14.
Nce4 Qc7 15. Nf6+ gxf6 16. Rxe7 Qf4+ 17. Kb1 Rfe8 18. Re2 Re6 19. b3 Nd6 20.
Rde1 Rae8 21. Nh5 Qg5 22. Qg3 Qxg3 23. Nxg3 Kg7 24. Nh5+ Kh6 25. Rxe6 fxe6 26.
Nxf6 Rd8 27. Rxe6 Kg6 28. Ne4+ Kf7 29. Rxd6 Re8 30. Ng5+ 1-0

[Event "Balaguer op"]
[Site "?"]
[Date "2012.06.18"]
[Round "3"]
[White "Guerra Mendez, JA."]
[Black "Westerinen, H."]
[Result "1-0"]
[WhiteElo "2428"]
[BlackElo "2345"]
[PlyCount "83"]
[EventDate "2012.??.??"]
[EventType "swiss"]
[EventRounds "9"]

1. e4 e6 2. d4 d5 3. Nc3 Bb4 4. e5 c5 5. a3 Bxc3+ 6. bxc3 Qa5 7. Bd2 Qa4 8. Qg4
g6 9. Qd1 b6 10. h4 h6 11. Nf3 Ba6 12. Bd3 Nd7 13. O-O Ne7 14. Bxa6 Qxa6 15. a4
Kf8 16. a5 Kg7 17. axb6 Qxb6 18. Qe2 a5 19. Ra4 Qa6 20. Qe3 Nb6 21. Ra2 Nc4 22.
Qf4 Ng8 23. dxc5 Rh7 24. Be3 Qc8 25. Bd4 a4 26. Rfa1 Qd7 27. Nh2 a3 28. Ng4 Rh8
29. Ne3 Qb5 30. Nxc4 dxc4 31. Qf3 Ra6 32. Rxa3 Rxa3 33. Rxa3 Qb1+ 34. Kh2 Qxc2
35. Ra7 Qf5 36. Qxf5 gxf5 37. c6 h5 38. Rd7 Nh6 39. c7 Rc8 40. Bb6 Ng8 41. Bc5
Kg6 42. Bd6 1-0

[Event "Balaguer op"]
[Site "?"]
[Date "2012.06.18"]
[Round "3"]
[White "Gutierrez Martos, FE."]
[Black "Fortuny Profitos, J."]
[Result "1-0"]
[WhiteElo "2038"]
[BlackElo "1769"]
[PlyCount "121"]
[EventDate "2012.??.??"]
[EventType "swiss"]
[EventRounds "9"]

1. c4 Nf6 2. g3 g6 3. Bg2 Bg7 4. Nc3 d6 5. e4 e5 6. Nge2 Be6 7. d3 Qd7 8. h3
Nc6 9. Nd5 h6 10. Be3 Ne7 11. Qd2 c6 12. Nxf6+ Bxf6 13. Bxh6 Ng8 14. Bg5 Bxg5
15. Qxg5 Rh5 16. Qe3 Bxh3 17. Bf3 Bg4 18. Rxh5 Bxh5 19. Bxh5 gxh5 20. O-O-O Qg4
21. Rh1 Kd7 22. Rh4 Qg6 23. Kc2 Nf6 24. f3 c5 25. Qd2 a5 26. Qc1 Nh7 27. Qh1
Nf6 28. Qh3+ Kc6 29. f4 Rg8 30. Qh1 Rh8 31. Qe1 Ra8 32. fxe5 dxe5 33. Nc3 Rg8
34. Ne2 b6 35. Qf2 Ng4 36. Qf3 Qf6 37. Qxf6+ Nxf6 38. Rh1 Kd6 39. Kd2 Nd7 40.
Rxh5 Nf6 41. Rf5 Ke6 42. Ke3 Ng4+ 43. Kf3 Nh2+ 44. Kg2 Ng4 45. Rh5 Nf6 46. Rh6
Rg6 47. Rh1 Nd7 48. Rh8 Ke7 49. Nc3 Nf8 50. Nd5+ Ke8 51. Ne3 f6 52. Nd5 Kf7 53.
Kf2 Kg7 54. Rh4 Nd7 55. Ne7 Rg5 56. Nf5+ Kg6 57. Rh8 Rh5 58. Rd8 Rh2+ 59. Kf3
Rxb2 60. Rxd7 Kh5 61. Rg7 1-0

[Event "Balaguer op"]
[Site "?"]
[Date "2012.06.18"]
[Round "3"]
[White "Janev, E."]
[Black "Ramon Solans, A."]
[Result "1-0"]
[WhiteElo "2453"]
[BlackElo "2281"]
[PlyCount "129"]
[EventDate "2012.??.??"]
[EventType "swiss"]
[EventRounds "9"]

1. e4 c6 2. d4 d5 3. Nd2 g6 4. c3 Bg7 5. Ngf3 dxe4 6. Nxe4 Nd7 7. Bc4 Ngf6 8.
Nxf6+ Nxf6 9. O-O O-O 10. Re1 Qc7 11. Qe2 e6 12. Bg5 b6 13. Qe5 Nd5 14. Qe4 h6
15. Bd2 Bb7 16. Bxd5 exd5 17. Qe7 Rac8 18. a4 f6 19. Nh4 Kh7 20. a5 Rf7 21. Qe2
Rg8 22. Qd3 f5 23. Qh3 f4 24. axb6 axb6 25. Ra7 Qb8 26. Nf3 Bf6 27. Rea1 Rgg7
28. Qe6 g5 29. h3 Qc8 30. Re1 Qb8 31. Qf5+ Kh8 32. Re6 Qxa7 33. Rxf6 Rxf6 34.
Qxf6 Kh7 35. Qf5+ Kh8 36. Qf8+ Kh7 37. Ne5 Qa8 38. Qf5+ Kg8 39. Qe6+ Kh7 40.
Ng4 Qc8 41. Qxh6+ Kg8 42. Qf6 Kh7 43. f3 Ba6 44. h4 Bd3 45. hxg5 Qf5 46. Qh6+
Kg8 47. Qxc6 Qxg5 48. Qe6+ Kh8 49. Qd6 Qg6 50. Qb8+ Kh7 51. Qxf4 Bf5 52. Qh2+
Kg8 53. Nh6+ Kf8 54. Qb8+ Ke7 55. Qe5+ Be6 56. g4 Kd7 57. Bf4 Kc6 58. c4 dxc4
59. d5+ Bxd5 60. Nf5 Rh7 61. Kf2 b5 62. Nd4+ Kc5 63. Qe3 Qb1 64. Nb3+ Kc6 65.
Qc5+ 1-0

[Event "Balaguer op"]
[Site "?"]
[Date "2012.06.18"]
[Round "3"]
[White "Juan Bartroli, P."]
[Black "Moline Escartin, X."]
[Result "1-0"]
[WhiteElo "2000"]
[BlackElo "1877"]
[PlyCount "79"]
[EventDate "2012.??.??"]
[EventType "swiss"]
[EventRounds "9"]

1. d4 Nf6 2. c4 g6 3. Nc3 d5 4. Bf4 Bg7 5. e3 O-O 6. Rc1 Be6 7. Qb3 dxc4 8.
Bxc4 Bxc4 9. Qxc4 c6 10. Nf3 Nbd7 11. O-O Nb6 12. Qb3 Nh5 13. Be5 Bxe5 14. Nxe5
Qc7 15. Rfd1 e6 16. a4 Ng7 17. a5 Nd5 18. Nxd5 exd5 19. Qxd5 Rad8 20. Qa2 Rfe8
21. g3 Kf8 22. a6 bxa6 23. Qxa6 Re6 24. Rxc6 Rxc6 25. Qxc6 Qe7 26. Rc1 f6 27.
Nd3 Kg8 28. Qc4+ Kh8 29. Qc7 Rd7 30. Qc5 Qe8 31. Ra1 Ne6 32. Qc6 Qe7 33. Nc5
Nxc5 34. Qxc5 Qf7 35. Rc1 Rb7 36. b4 Kg7 37. d5 f5 38. d6 Rd7 39. Qc6 h6 40.
Qxd7 1-0

[Event "Balaguer op"]
[Site "?"]
[Date "2012.06.18"]
[Round "3"]
[White "Kovacevic, S."]
[Black "Rodon Balcells, J."]
[Result "1-0"]
[WhiteElo "2310"]
[BlackElo "1864"]
[PlyCount "93"]
[EventDate "2012.??.??"]
[EventType "swiss"]
[EventRounds "9"]

1. d4 b6 2. Bf4 e6 3. e3 Nf6 4. Nf3 Bb7 5. Nbd2 d5 6. Bd3 Nbd7 7. c3 Bd6 8. Ne5
Qe7 9. Qf3 O-O-O 10. O-O-O Kb8 11. Kb1 Ne8 12. Qh3 c5 13. Rhe1 c4 14. Bc2 Bxe5
15. dxe5 Nc5 16. g4 g5 17. Bg3 h6 18. f4 Nc7 19. Nf3 Ka8 20. Nd4 N7a6 21. Rf1
Ne4 22. Qh5 Nac5 23. fxg5 hxg5 24. Qxf7 Qxf7 25. Rxf7 Rdf8 26. Rg7 Nxg3 27.
hxg3 Rhg8 28. Rxg8 Rxg8 29. b4 cxb3 30. axb3 a5 31. Rh1 Rf8 32. Rh5 Rf1+ 33.
Kb2 Rf2 34. Kc1 Ba6 35. Rxg5 Bd3 36. Bxd3 Nxd3+ 37. Kb1 Nc5 38. Rg7 a4 39. Nc6
Rf1+ 40. Kb2 a3+ 41. Ka2 Nb7 42. Rg8+ Nd8 43. Nxd8 Rf3 44. Nxe6+ Kb7 45. Nd4
Rxe3 46. e6 b5 47. Kxa3 1-0

[Event "Balaguer op"]
[Site "?"]
[Date "2012.06.18"]
[Round "3"]
[White "Martinez Duany, LS."]
[Black "Ramon Perez, JL."]
[Result "1-0"]
[WhiteElo "2474"]
[BlackElo "2249"]
[PlyCount "99"]
[EventDate "2012.??.??"]
[EventType "swiss"]
[EventRounds "9"]

1. e4 e6 2. d4 d5 3. Nc3 Nf6 4. e5 Nfd7 5. f4 c5 6. Nf3 Nc6 7. Be3 Be7 8. g3
O-O 9. Bh3 cxd4 10. Nxd4 Nxd4 11. Bxd4 Bc5 12. Bxc5 Nxc5 13. Qd4 b6 14. b4 Ne4
15. Nxe4 dxe4 16. Qxd8 Rxd8 17. Rd1 Bd7 18. Bg2 Bc6 19. Ke2 f5 20. exf6 gxf6
21. Rxd8+ Rxd8 22. Rd1 Rc8 23. Ke3 f5 24. c4 Kf7 25. b5 Be8 26. Bf1 Ke7 27. Be2
h5 28. a4 Rc7 29. a5 Rd7 30. Ra1 Kd6 31. axb6 axb6 32. Ra8 Bf7 33. Rc8 Rc7 34.
Rh8 Kc5 35. Rh7 Ra7 36. Rh8 Ra3+ 37. Kf2 Ra2 38. Rf8 Ra7 39. Rc8+ Kd4 40. h4
Rd7 41. Rc6 e5 42. fxe5 Kxe5 43. Rxb6 f4 44. gxf4+ Kxf4 45. Rf6+ Ke5 46. Rc6
Kf4 47. b6 e3+ 48. Ke1 Kg3 49. c5 Rd2 50. b7 1-0

[Event "Balaguer op"]
[Site "?"]
[Date "2012.06.18"]
[Round "3"]
[White "Monell Camarasa, D."]
[Black "Bonet Verdu, M."]
[Result "1-0"]
[WhiteElo "2254"]
[BlackElo "1811"]
[PlyCount "73"]
[EventDate "2012.??.??"]
[EventType "swiss"]
[EventRounds "9"]

1. d4 d5 2. c4 c6 3. Nf3 e6 4. Nc3 f5 5. Bf4 Nf6 6. e3 Be7 7. Bd3 O-O 8. Ne5
Nbd7 9. O-O Nxe5 10. Bxe5 Ng4 11. Bg3 h5 12. h3 h4 13. Bf4 g5 14. hxg4 gxf4 15.
gxf5 exf5 16. Qf3 Be6 17. cxd5 Bxd5 18. Nxd5 Qxd5 19. Qxf4 a5 20. Rac1 Kg7 21.
b3 Qd6 22. Qf3 h3 23. g3 Qd5 24. Qxd5 cxd5 25. Rc7 Kf6 26. Rfc1 Bd6 27. Rxb7
Rfc8 28. Rxc8 Rxc8 29. Rh7 Rc1+ 30. Bf1 Ra1 31. a4 Rb1 32. Rxh3 Rxb3 33. Bb5
Rb1+ 34. Kg2 Bb4 35. Rh5 Rb2 36. Bd3 Ra2 37. Rxf5+ 1-0

[Event "Balaguer op"]
[Site "?"]
[Date "2012.06.18"]
[Round "3"]
[White "Monfa Escola, R."]
[Black "Cori Tello, D."]
[Result "0-1"]
[WhiteElo "1837"]
[BlackElo "2386"]
[PlyCount "102"]
[EventDate "2012.??.??"]
[EventType "swiss"]
[EventRounds "9"]

1. d3 d5 2. a3 g6 3. Nf3 Bg7 4. g3 Nf6 5. Bg2 O-O 6. Nbd2 b6 7. c4 Bb7 8. O-O
c5 9. Qc2 Nc6 10. Rb1 Rc8 11. b3 e5 12. Bb2 Re8 13. e3 Qc7 14. Rfe1 h6 15. Rbd1
Ba8 16. Qb1 e4 17. dxe4 dxe4 18. Nh4 Qe7 19. Qa1 Ne5 20. Bxe5 Qxe5 21. Qxe5
Rxe5 22. Bf1 g5 23. Ng2 Re7 24. Nb1 Ng4 25. Re2 Ne5 26. Ne1 Rce8 27. Red2 Bc6
28. Rd8 g4 29. h3 h5 30. h4 Bb7 31. Be2 Nf3+ 32. Nxf3 exf3 33. Rxe8+ Rxe8 34.
Bd3 Be5 35. Bc2 Bc6 36. a4 Kg7 37. Rd2 a6 38. Bd3 Rb8 39. Na3 Bc3 40. Rd1 Bb2
41. Nb1 Rd8 42. Bc2 Rxd1+ 43. Bxd1 Be4 44. Nd2 Bd3 45. Kh2 Bc3 46. Nxf3 gxf3
47. Bxf3 Bc2 48. Bb7 Bxb3 49. Bxa6 Bxa4 50. e4 Bd4 51. f4 b5 0-1

[Event "Balaguer op"]
[Site "?"]
[Date "2012.06.18"]
[Round "3"]
[White "Montoliu Daroca, I."]
[Black "Cosialls Baz, D."]
[Result "1-0"]
[WhiteElo "1803"]
[BlackElo "1643"]
[PlyCount "68"]
[EventDate "2012.??.??"]
[EventType "swiss"]
[EventRounds "9"]

1. c4 e5 2. Nc3 Nc6 3. g3 g6 4. Bg2 Bg7 5. e3 f5 6. Nge2 Nf6 7. d4 e4 8. f3 Qe7
9. a3 exf3 10. Bxf3 d6 11. O-O h5 12. Nf4 Qf7 13. Qb3 h4 14. Qb5 O-O 15. gxh4
a6 16. Qa4 Bd7 17. Qb3 Na5 18. Qb4 Nxc4 19. Ncd5 Bb5 20. Nxf6+ Qxf6 21. Bd5+
Kh7 22. Bxc4 Bxc4 23. Qxc4 Qxh4 24. Qxc7 Rac8 25. Qxd6 Rf6 26. Qb4 g5 27. Ng2
Qe4 28. Rf2 Rh6 29. Bd2 Rh3 30. Raf1 Rf8 31. Qc5 Kg6 32. Qd6+ Kh7 33. Bc3 Rf6
34. Qd7 f4 1-0

[Event "Balaguer op"]
[Site "?"]
[Date "2012.06.18"]
[Round "3"]
[White "Obregon Rivero, JC."]
[Black "Vidal Rosell, J."]
[Result "1-0"]
[WhiteElo "2485"]
[BlackElo "1872"]
[PlyCount "41"]
[EventDate "2012.??.??"]
[EventType "swiss"]
[EventRounds "9"]

1. Nf3 d5 2. g3 c5 3. Bg2 g6 4. O-O Bg7 5. c4 d4 6. d3 Nc6 7. Nbd2 Nf6 8. Nb3
Nd7 9. Ng5 O-O 10. Ne4 Qb6 11. e3 Na5 12. Nxa5 Qxa5 13. Qe2 Qb6 14. Rb1 Rb8 15.
b3 e5 16. a3 f5 17. Ng5 Nf6 18. exd4 cxd4 19. Qxe5 Bd7 20. Bd5+ Nxd5 21. Qxd5+
1-0

[Event "Balaguer op"]
[Site "?"]
[Date "2012.06.18"]
[Round "3"]
[White "Purgimon Diaz, J."]
[Black "Gomez Ledo, RC."]
[Result "0-1"]
[WhiteElo "1982"]
[BlackElo "2428"]
[PlyCount "102"]
[EventDate "2012.??.??"]
[EventType "swiss"]
[EventRounds "9"]

1. d4 d6 2. c4 e5 3. dxe5 dxe5 4. Qxd8+ Kxd8 5. Nc3 c6 6. e4 Bd6 7. Bg5+ f6 8.
O-O-O Kc7 9. Be3 Na6 10. Bd3 Bc5 11. Bxc5 Nxc5 12. Nge2 a5 13. b3 Ne7 14. Bc2
Ng6 15. f3 Be6 16. h4 h5 17. Ng3 Nf8 18. Rd2 g6 19. Kb2 Rh7 20. Rhd1 Rd7 21. a3
Rxd2 22. Rxd2 Nfd7 23. Nge2 Nb6 24. a4 Rg8 25. Ng3 Bf7 26. Rf2 Ne6 27. Nce2 Nd7
28. Kc3 Rd8 29. Rf1 Kd6 30. Rd1+ Ke7 31. Nf1 Nf4 32. Nxf4 exf4 33. g3 g5 34.
hxg5 fxg5 35. Rd2 Ne5 36. Rxd8 Kxd8 37. Bd1 c5 38. gxf4 gxf4 39. Kd2 Ke7 40.
Ke2 Kf6 41. Kf2 Nc6 42. Ke1 Ke5 43. Kd2 Be6 44. Kd3 Bh3 45. Nh2 Nd4 46. Kd2 Kf6
47. Ke1 Kg5 48. Kf2 Kh4 49. Be2 Nxb3 50. Bd3 Nd4 51. e5 Nc6 0-1

[Event "Balaguer op"]
[Site "?"]
[Date "2012.06.18"]
[Round "3"]
[White "Ramiro Ovejero, JL."]
[Black "Farre Selma, D."]
[Result "1-0"]
[WhiteElo "2349"]
[BlackElo "1868"]
[PlyCount "77"]
[EventDate "2012.??.??"]
[EventType "swiss"]
[EventRounds "9"]

1. e4 d5 2. exd5 Qxd5 3. Nc3 Qd8 4. d4 c6 5. Ne4 Bf5 6. Ng3 Bg6 7. h4 h6 8. Nf3
Nd7 9. h5 Bh7 10. Bd3 Bxd3 11. Qxd3 Ngf6 12. Bf4 e6 13. O-O-O Be7 14. Kb1 Qb6
15. c4 O-O 16. Ne4 Nxe4 17. Qxe4 Nf6 18. Qe2 Rad8 19. g4 Ba3 20. Rd3 Bxb2 21.
Qxb2 Qxb2+ 22. Kxb2 Nxg4 23. Rd2 Nf6 24. Be5 Ne4 25. Re2 Nd6 26. Bxd6 Rxd6 27.
Kc3 Rc8 28. c5 Rd5 29. Re5 b6 30. Rb1 b5 31. Rxd5 exd5 32. a4 a6 33. axb5 axb5
34. Ra1 f6 35. Ra7 Re8 36. Kd3 Rc8 37. Nh4 Rf8 38. Ng6 Rf7 39. Ra8+ 1-0

[Event "Balaguer op"]
[Site "?"]
[Date "2012.06.18"]
[Round "3"]
[White "Roeder, M."]
[Black "Ivanov, Jo"]
[Result "1/2-1/2"]
[WhiteElo "2434"]
[BlackElo "2367"]
[PlyCount "29"]
[EventDate "2012.??.??"]
[EventType "swiss"]
[EventRounds "9"]

1. Nf3 d5 2. d4 Nf6 3. Bf4 c5 4. c3 cxd4 5. cxd4 Ne4 6. Nc3 Nxc3 7. bxc3 Nc6 8.
e3 a6 9. Bd3 e6 10. Ne5 Nxe5 11. Bxe5 Bd6 12. Bxg7 Rg8 13. Be5 Bxe5 14. dxe5
Qg5 15. Qf3 1/2-1/2

[Event "Balaguer op"]
[Site "?"]
[Date "2012.06.18"]
[Round "3"]
[White "Ruiz Sanchez, O."]
[Black "Aroshidze, L."]
[Result "1-0"]
[WhiteElo "2416"]
[BlackElo "2580"]
[PlyCount "71"]
[EventDate "2012.??.??"]
[EventType "swiss"]
[EventRounds "9"]

1. e4 c5 2. Nf3 e6 3. d4 cxd4 4. Nxd4 a6 5. Nc3 Qc7 6. Bd3 Nf6 7. f4 d6 8. Qe2
Nbd7 9. O-O Be7 10. Kh1 O-O 11. Bd2 b6 12. b4 Bb7 13. Rae1 b5 14. a4 bxa4 15.
e5 dxe5 16. fxe5 Nd5 17. Nxd5 Bxd5 18. c4 Bb7 19. Qh5 g6 20. Qh3 Nxe5 21. Bf4
Bf6 22. Nxe6 Qd7 23. Bf5 Qe7 24. Nxf8 Rxf8 25. Bc2 Bh8 26. Qe3 f6 27. Bxe5 fxe5
28. Be4 Rxf1+ 29. Rxf1 Bxe4 30. Qxe4 Bf6 31. c5 Kg7 32. c6 a3 33. Qc4 Qc7 34.
Qe6 Bg5 35. Rd1 a2 36. Rd7+ 1-0

[Event "Balaguer op"]
[Site "?"]
[Date "2012.06.18"]
[Round "3"]
[White "Segues Pons, M."]
[Black "Aryan, Ch"]
[Result "0-1"]
[WhiteElo "1778"]
[BlackElo "1985"]
[PlyCount "70"]
[EventDate "2012.??.??"]
[EventType "swiss"]
[EventRounds "9"]

1. e4 c5 2. Nf3 d6 3. Bc4 Nc6 4. d3 Nf6 5. Bg5 e6 6. c3 Be7 7. O-O O-O 8. Nbd2
d5 9. Bb3 b5 10. Bc2 c4 11. d4 h6 12. Bh4 b4 13. Bb1 a5 14. Qc2 g6 15. Bg3 a4
16. Nh4 b3 17. Qc1 Kg7 18. axb3 cxb3 19. Ndf3 Qb6 20. Bf4 Ng8 21. Qd1 Ba6 22.
Re1 Bb5 23. exd5 exd5 24. Ne5 Nxe5 25. Rxe5 Bd6 26. Bxh6+ Kxh6 27. Rxd5 Nf6 28.
Rg5 Kxg5 29. Nf3+ Kh6 30. Qd2+ Kg7 31. Qg5 Nh7 32. Qg4 Rfe8 33. Bf5 Nf6 34. Qg5
Rh8 35. h4 Rh5 0-1

[Event "Balaguer op"]
[Site "?"]
[Date "2012.06.18"]
[Round "3"]
[White "Solani Nuñez, J."]
[Black "Gensana Berzunces, J."]
[Result "0-1"]
[WhiteElo "1626"]
[BlackElo "2001"]
[PlyCount "94"]
[EventDate "2012.??.??"]
[EventType "swiss"]
[EventRounds "9"]

1. e4 e5 2. Nf3 Nf6 3. Nc3 d6 4. h3 c6 5. d3 Be7 6. Be2 h6 7. b3 Be6 8. Bb2 c5
9. Nh4 Nxe4 10. Nxe4 Bxh4 11. Bf3 d5 12. Nxc5 Qa5+ 13. Qd2 Qxc5 14. Bxe5 O-O
15. d4 Qe7 16. O-O Nc6 17. Bf4 Bg5 18. Rfe1 Bxf4 19. Qxf4 Qg5 20. Qxg5 hxg5 21.
c3 Rfe8 22. Re3 Ne7 23. Re5 Rac8 24. Rc1 Nf5 25. Bxd5 Nxd4 26. Bxb7 Rc7 27. Bd5
Rec8 28. Bxe6 Nxe6 29. c4 Kf8 30. Rce1 Rc5 31. Kf1 a5 32. Rxc5 Rxc5 33. Re4 Ke7
34. Ke2 Kd6 35. g3 f5 36. Re3 Re5 37. Rxe5 Kxe5 38. Ke3 f4+ 39. gxf4+ gxf4+ 40.
Kf3 Kf5 41. Ke2 Ke4 42. f3+ Kd4 43. a3 Kc3 44. b4 Nd4+ 45. Kf2 axb4 46. axb4
Kxb4 47. h4 Kxc4 0-1